Super Mario Bros. Characters in Smash Ultimate Quiz - Statistics

General Stats
  • This quiz has been taken 53 times
  • The average score is 8 of 9
Answer Stats
# Character % Correct
1 Mario
100%
9 Luigi
97%
14 Bowser
94%
13 Peach
94%
13ε Daisy
92%
58 Bowser Jr.
78%
18 Dr. Mario
72%
70 Piranha Plant
72%
48 Rosalina & Luma
58%
No matching quizzes found
Score Distribution
Percent of People with Each Score
Percentile by Number Answered
Your Score History
You have not taken this quiz